gout de puff - Statistiques

Statistiques générales
  • Ce quiz a été pris 69 fois
  • Le résultat moyen est 3 sur 18
Statistiques - réponses
Hint Réponse % Correct
JNR peach ice
51%
JNR watermelon ice
51%
JNR strawberry kiwi
43%
JNR mixed berries
38%
JNR love 66
36%
JNR mango ice
11%
JNR mr blue
11%
JNR coca cherry
8%
JNR grappe ice
8%
JNR passion fruit kiwi
8%
JNR peach berries
4%
JNR strawberry raspberry ice
4%
JNR watermelon mango peach
4%
JNR black berry red raspberry
2%
JNR dragon peach ice
2%
JNR summer holiday
2%
JNR blueberry pomegranate ice
0%
JNR blueberry sour raspberry
0%
Aucun quiz correspondant
Distribution des résultats
% des personnes avec chaque résultat
Percentile par nombre de réponses
Votre historique - résultats
Vous n’avez pas pris ce quiz